BEHAVIOR IN ORGANIZATIONS A SYSTEMS APPROACH TO MANAGING (Record no. 581703)
[ view plain ]
| 000 -LEADER | |
|---|---|
| fixed length control field | 00346nam a22001337a 4500 |
| 020 ## - INTERNATIONAL STANDARD BOOK NUMBER | |
| International Standard Book Number | 0-201-02965-0 |
| 082 ## - DEWEY DECIMAL CLASSIFICATION NUMBER | |
| Classification number | 658.1 HUS'B |
| 100 ## - MAIN ENTRY--PERSONAL NAME | |
| Personal name | HUSE, EDGER,BOWDITCH, JAMES L |
| 9 (RLIN) | 76310 |
| 245 ## - TITLE STATEMENT | |
| Title | BEHAVIOR IN ORGANIZATIONS A SYSTEMS APPROACH TO MANAGING |
| 250 ## - EDITION STATEMENT | |
| Edition statement | 2ND |
| 260 ## - PUBLICATION, DISTRIBUTION, ETC. | |
| Place of publication, distribution, etc. | LONDON |
| Name of publisher, distributor, etc. | ADDISON WESLEY |
| Date of publication, distribution, etc. | 1977 |
| 300 ## - PHYSICAL DESCRIPTION | |
| Extent | 495P |
| 942 ## - ADDED ENTRY ELEMENTS (KOHA) | |
| Koha item type | Book |
| Withdrawn status | Lost status | Damaged status | Not for loan | Permanent Location | Current Location | Shelving location | Date acquired | Total Checkouts | Full call number | Barcode | Date last seen | Price effective from | Koha item type |
|---|---|---|---|---|---|---|---|---|---|---|---|---|---|
| College of Electrical & Mechanical Engineering (CEME) | College of Electrical & Mechanical Engineering (CEME) | General Stacks | 05/29/2017 | 658.1 HUS'B | CEME-11867 | 06/28/2021 | 06/28/2021 | Book |
